000 02564cam a2200337 i 4500
001 18070848
003 EG-ScBUE
005 20260331130432.0
008 140318s2014 maua f b 001 0 eng d
020 _a0124171311 (paperback)
020 _a9780124171312 (paperback)
040 _aDLC
_beng
_cDLC
_dEG-ScBUE
_erda
043 _aa-cc---
082 0 4 _a551.23
_222
_bVOL
245 0 0 _aVolcanic gas reservoir characterization /
_cQiquan Ran [and four others]
250 _aFirst edition.
264 1 _aWaltham, MA :
_bGulf Professional Publishing / Elsevier,
_c2014.
300 _axix, 583 pages :
_billustrations ;
_c24 cm
336 _2rdacontent
_atext
_btxt
337 _2rdamedia
_aunmediated
_bn
338 _2rdacarrier
_avolume
_bnc
504 _aIncludes bibliographical references and index.
505 8 _aMachine generated contents note: Introduction Preface I Preface II Forward Chapter 1 - Introduction Chapter 2 - Internal Structure of Volcanic Gas Reservoirs Chapter 3 - Volcanic Rock Sequence Division and Stratigraphic Correlation Chapter 4 - Identification and Prediction of Volcanic Facies Chapter 5 - Lithology Identification and Prediction for Volcanic Rocks Chapter 6 - Identification and Prediction of Fractures in Volcanic Reservoirs Chapter 7 - Parameter Interpretation for Fractured Volcanic Reservoirs Chapter 8 - Gas Layer and Aquifer Identification for Volcanic Gas Reservoirs Chapter 9 - Effective Reservoir Identification and Prediction Chapter 10 - Characterization of Accumulation-Permeation Units in Volcanic Gas Reservoirs Chapter 11 - Characterization of Microstructures of Volcanic Gas Reservoirs Chapter 12 - Geologic Model Building for Volcanic Gas Reservoirs.
520 _a"This introduction chapter summarizes our current understandings of volcanic gas reservoirs worldwide and in China. The challenges and their innovative technical solutions presented in this book, as well as the significance of gas reservoir characterization, are summarized based on the authors' real case studies in Chinese volcanic gas fields during the last decade. A flow chart representing the research concepts and approaches that deal with specific difficulties in volcanic gas reservoir characterization provides the readers with an outline of this book"--
650 7 _aVolcanic gas reservoirs.
_2BUEsh
650 7 _aVolcanic gas reservoirs
_zChina.
_2BUEsh
653 _bENGPET
_bENGGEN
_cAugust2015
_cDecember2015
655 _vReading book
700 1 _aRan, Qiquan,
_eauthor.
942 _2ddc
_k551.23 VOL
_hRDA-MOD
_cBB
999 _c20637
_d20609